| 000 | 00462nam a2200181Ia 4500 | ||
|---|---|---|---|
| 001 | 7977 | ||
| 005 | 20260306160535.0 | ||
| 008 | 260306t2015||||xx |||||||||||||| ||spa|| | ||
| 041 | _aESP | ||
| 082 |
_a364.3 _bJ55 |
||
| 100 |
_aJiménez Serrano, Jorge _eAUT |
||
| 245 | 0 |
_aPsicología e investigación criminal: _bpsicología criminalista |
|
| 260 | _c2015 | ||
| 300 |
_a224 páginas : _c24 cm. |
||
| 650 | _aGEN | ||
| 654 | _aCPS | ||
| 942 |
_cLIB _dJUS _fJUS _2ddc _n |
||
| 999 |
_c7977 _d7977 |
||